Provincial autonomy in Bengal, 1937-1943 / (Record no. 55646)
[ view plain ]
| 000 -LEADER | |
|---|---|
| fixed length control field | 00763nam a2200241 a 4500 |
| 001 - CONTROL NUMBER | |
| control field | 55646 |
| 003 - CONTROL NUMBER IDENTIFIER | |
| rucl marc code | BD-RjUL |
| 005 - DATE AND TIME OF LATEST TRANSACTION | |
| control field | 20211209080309.0 |
| 008 - FIXED-LENGTH DATA ELEMENTS--GENERAL INFORMATION | |
| fixed length control field | 161120s1981 bg b 001 0 eng |
| 020 ## - INTERNATIONAL STANDARD BOOK NUMBER | |
| Terms of availability | Tk110.00 ($12.00 U.S.) |
| 035 ## - SYSTEM CONTROL NUMBER | |
| System control number | (BD-RjUL) 55770 |
| 040 ## - CATALOGING SOURCE | |
| Original cataloging agency | DLC |
| Transcribing agency | DLC |
| Modifying agency | BD-RjUL |
| Language of cataloging | eng |
| 041 ## - LANGUAGE CODE | |
| Language code of text/sound track or separate title | eng |
| 082 00 - DEWEY DECIMAL CLASSIFICATION NUMBER | |
| Classification number | 954.12 |
| Edition number | 23 |
| Author mark and year | RAP 1981 |
| 100 1# - MAIN ENTRY--PERSONAL NAME | |
| Personal name | Rahim, Enayetur. |
| 9 (RLIN) | 165765 |
| 245 10 - TITLE STATEMENT | |
| Title | Provincial autonomy in Bengal, 1937-1943 / |
| Statement of responsibility, etc. | Enayetur Rahim. |
| 260 ## - PUBLICATION, DISTRIBUTION, ETC. (IMPRINT) | |
| Place of publication, distribution, etc. | Bangladesh : |
| Name of publisher, distributor, etc. | Institute of Bangladesh Studies, Rajshahi University , |
| Date of publication, distribution, etc. | c1981. |
| 300 ## - PHYSICAL DESCRIPTION | |
| Pagination | xvi, 304 p. ; |
| Size | 22 cm. |
| 500 ## - GENERAL NOTE | |
| General note | Includes index and bibliography |
| 651 #0 - SUBJECT ADDED ENTRY--GEOGRAPHIC NAME | |
| Geographic name | Bengal (India) |
| General subdivision | Politics and government. |
| 9 (RLIN) | 119128 |
| 942 ## - ADDED ENTRY ELEMENTS (KOHA) | |
| Source of classification or shelving scheme | Dewey Decimal Classification |
| Koha item type | Books |
| Lost status | Source of classification or shelving scheme | Damaged status | Not for loan | Collection code | Permanent Location | Current Location | Shelving location | Date acquired | Source of acquisition | Cost, normal purchase price | Total Checkouts | Full call number | Date last seen | Copy number | Koha item type |
|---|---|---|---|---|---|---|---|---|---|---|---|---|---|---|---|
| Dewey Decimal Classification | Non-fiction | Central Library, University of Rajshahi | Central Library, University of Rajshahi | 17/06/1982 | Alighar Library, Rajshahi | 110.00 | 954.12 RAP 1981 | 20/11/2016 | C-2 | Books | |||||
| Dewey Decimal Classification | Not For Loan | Non-fiction | Central Library, University of Rajshahi | Central Library, University of Rajshahi | Reading Room | 17/06/1982 | Aligarh library,Raj. | 110.00 | 954.12 RAP 1981 | 12/02/2017 | C-1 | Books |